<?xml version="1.0" encoding="UTF-8"?>
<marc:record xmlns:marc="http://www.loc.gov/MARC21/slim">
   <marc:leader>00000nam a2200000 a 4500</marc:leader>
   <marc:datafield ind1="1" ind2=" " tag="100">
      <marc:subfield code="a">Wagner, Richard</marc:subfield>
      <marc:subfield code="4">cmp</marc:subfield>
      <marc:subfield code="e">Komponist/-in</marc:subfield>
   </marc:datafield>
   <marc:datafield ind1="1" ind2=" " tag="100">
      <marc:subfield code="a">Loriot</marc:subfield>
      <marc:subfield code="4">prf</marc:subfield>
      <marc:subfield code="e">Akrobat/-in</marc:subfield>
   </marc:datafield>
   <marc:datafield ind1="1" ind2=" " tag="100">
      <marc:subfield code="a">Karajan, Herbert von</marc:subfield>
      <marc:subfield code="4">cnd</marc:subfield>
      <marc:subfield code="e">Diregent/-in</marc:subfield>
   </marc:datafield>
   <marc:datafield ind1="1" ind2=" " tag="100">
      <marc:subfield code="a">Fischer-Dieskau, Dietrich</marc:subfield>
      <marc:subfield code="4">prf</marc:subfield>
      <marc:subfield code="e">Akrobat/-in</marc:subfield>
   </marc:datafield>
   <marc:datafield ind1="1" ind2=" " tag="100">
      <marc:subfield code="a">Stolze, Gerhard</marc:subfield>
      <marc:subfield code="4">prf</marc:subfield>
      <marc:subfield code="e">Akrobat/-in</marc:subfield>
   </marc:datafield>
   <marc:datafield ind1="1" ind2=" " tag="100">
      <marc:subfield code="a">Kelemen, Zoltán</marc:subfield>
      <marc:subfield code="4">prf</marc:subfield>
      <marc:subfield code="e">Akrobat/-in</marc:subfield>
   </marc:datafield>
   <marc:datafield ind1="1" ind2=" " tag="100">
      <marc:subfield code="a">Veasey, Josephine</marc:subfield>
      <marc:subfield code="4">prf</marc:subfield>
      <marc:subfield code="e">Akrobat/-in</marc:subfield>
   </marc:datafield>
   <marc:datafield ind1="1" ind2=" " tag="100">
      <marc:subfield code="a">Donath, Helen</marc:subfield>
      <marc:subfield code="4">prf</marc:subfield>
      <marc:subfield code="e">Akrobat/-in</marc:subfield>
   </marc:datafield>
   <marc:datafield ind1="1" ind2=" " tag="100">
      <marc:subfield code="a">Moser, Edda</marc:subfield>
      <marc:subfield code="4">prf</marc:subfield>
      <marc:subfield code="e">Akrobat/-in</marc:subfield>
   </marc:datafield>
   <marc:datafield ind1="1" ind2=" " tag="100">
      <marc:subfield code="a">Reynolds, Anna</marc:subfield>
      <marc:subfield code="4">prf</marc:subfield>
      <marc:subfield code="e">Akrobat/-in</marc:subfield>
   </marc:datafield>
   <marc:datafield ind1="1" ind2=" " tag="100">
      <marc:subfield code="a">Thomas, Jess</marc:subfield>
      <marc:subfield code="4">prf</marc:subfield>
      <marc:subfield code="e">Akrobat/-in</marc:subfield>
   </marc:datafield>
   <marc:datafield ind1="1" ind2=" " tag="100">
      <marc:subfield code="a">Stewart, Thomas</marc:subfield>
      <marc:subfield code="4">prf</marc:subfield>
      <marc:subfield code="e">Akrobat/-in</marc:subfield>
   </marc:datafield>
   <marc:datafield ind1="1" ind2=" " tag="100">
      <marc:subfield code="a">Dernesch, Helga</marc:subfield>
      <marc:subfield code="4">prf</marc:subfield>
      <marc:subfield code="e">Akrobat/-in</marc:subfield>
   </marc:datafield>
   <marc:datafield ind1="1" ind2=" " tag="100">
      <marc:subfield code="a">Vickers, Jon</marc:subfield>
      <marc:subfield code="4">prf</marc:subfield>
      <marc:subfield code="e">Akrobat/-in</marc:subfield>
   </marc:datafield>
   <marc:datafield ind1="1" ind2=" " tag="100">
      <marc:subfield code="a">Janowitz, Gundula</marc:subfield>
      <marc:subfield code="4">prf</marc:subfield>
      <marc:subfield code="e">Akrobat/-in</marc:subfield>
   </marc:datafield>
   <marc:datafield ind1="1" ind2=" " tag="100">
      <marc:subfield code="a">Crespin, Régine</marc:subfield>
      <marc:subfield code="4">prf</marc:subfield>
      <marc:subfield code="e">Akrobat/-in</marc:subfield>
   </marc:datafield>
   <marc:datafield ind1="1" ind2=" " tag="100">
      <marc:subfield code="a">Brilioth, Helge</marc:subfield>
      <marc:subfield code="4">prf</marc:subfield>
      <marc:subfield code="e">Akrobat/-in</marc:subfield>
   </marc:datafield>
   <marc:datafield ind1="1" ind2=" " tag="100">
      <marc:subfield code="a">Ridderbusch, Karl</marc:subfield>
      <marc:subfield code="4">prf</marc:subfield>
      <marc:subfield code="e">Akrobat/-in</marc:subfield>
   </marc:datafield>
   <marc:datafield ind1=" " ind2=" " tag="653">
      <marc:subfield code="a">CD</marc:subfield>
   </marc:datafield>
   <marc:datafield ind1="0" ind2="0" tag="245">
      <marc:subfield code="a">Loriot erzählt Richard Wagners Ring des Nibelungen</marc:subfield>
   </marc:datafield>
   <marc:datafield ind1="0" ind2="0" tag="245">
      <marc:subfield code="b">am Beispiel der Aufnahme von Herbert von Karajan und den Berliner Philharmonikern</marc:subfield>
   </marc:datafield>
   <marc:datafield ind1=" " ind2="1" tag="264">
      <marc:subfield code="a">Berlin</marc:subfield>
      <marc:subfield code="b">Universal Musik Entertainment</marc:subfield>
   </marc:datafield>
   <marc:datafield ind1=" " ind2=" " tag="041">
      <marc:subfield code="a">ger</marc:subfield>
   </marc:datafield>
   <marc:datafield ind1=" " ind2=" " tag="300">
      <marc:subfield code="a">2 CDs</marc:subfield>
   </marc:datafield>
</marc:record>
